000 00413nam a2200157Ia 4500
003 LK-CoDNM
008 010623t1981 xxu||||| |||| 00| 1 eng d
040 _aLK-CoDNM
_dLK-CoDNM
_eLK-CoDNM
041 _aeng
080 _a(x)378
_bUNI
245 _aHand book 1981 : University of Sri Lanka
260 _bUniversity Grants Commission
_aColombo
_c1981
300 _b269, 25 cm
650 _aEducation
942 _cBK
999 _c111492
_d111492